Taylor Swift Track 12 Songs - Sudden Death - Statistics

General Stats
  • This quiz has been taken 32 times
  • The average score is 4 of 8
Answers on the Grid
Answers color-coded by a green-red scale on the quiz's grid according to % correct below.
London Boy
loml
I Know Places
betty
Dancing With Our Hands Tied
The Best Day
Haunted
cowboy like me
Invisible
Sweet Nothing
I Can Fix Him (No Really I Can)
Sad Beautiful Tragic
this is me trying
Dress
Soon You’ll Get Better
This Love
 
Answer Stats
Answer % Correct
I Know Places
70%
loml
70%
Haunted
50%
The Best Day
50%
Sad Beautiful Tragic
40%
Soon You’ll Get Better
40%
Sweet Nothing
40%
Dress
30%
No matching quizzes found
Score Distribution
Percent of People with Each Score
Percentile by Number Answered
Your Score History
You have not taken this quiz